Представление документа в формате RUSMARC

ПолеНазваниеЗначение
  Тип записи a
  Библиографический уровень a
001 Контрольный номер RU/CBS_Ul/BASE/501243281
005 Дата корректировки 20250124011039.0
100 Данные общей обработки __
a Данные общей обработки 20151119d2015 ||| 0rusy0189 ca
101 Язык документа 0_
a Язык текста rus
102 Страна публикации __
a Страна публикации RU
105 Кодированные данные (монография) __
a Кодированные данные (монография) y###||||000|y
200 Заглавие и сведения об ответственности 1_
a Заглавие Исповедь Дон Жуана на Святой земле
b Общее обозначение материала Текст
e Сведения, относящиеся к заглавию [артисты Ульяновского драматического театра на фестивале "Театральный дивертисмент" в Израиле]
f Первые сведения об ответственности А. Григорьева
300 Общие примечания __
a Общие примечания Ограничения по возрасту - 16+
461 Уровень набора _0
1 2000
a Народная газета
463 Уровень физической единицы _0
1 001RU/CBS_Ul/BASE/501239730
1 2000
a № 46 (18 нояб.)
v С. 25
1 210
d 2015
606 Тематические рубрики 0_
a Основная рубрика Ульяновский областной драматический театр имени И. А. Гончарова - Гастроли в Израиле - 2015
610 Ключевые слова 0_
a Ключевые слова театры
610 Ключевые слова 0_
a Ключевые слова драматические театры
610 Ключевые слова 0_
a Ключевые слова драмтеатры
610 Ключевые слова 0_
a Ключевые слова артисты
610 Ключевые слова 0_
a Ключевые слова гастроли
610 Ключевые слова 0_
a Ключевые слова театральные гастроли
610 Ключевые слова 0_
a Ключевые слова театральные спектакли
610 Ключевые слова 0_
a Ключевые слова театральные фестивали
686 Индексы других классификаций __
a Классификационный индекс 85.334.3(2)
2 Код системы ББК
700 Автор _1
a Фамилия Григорьева
b Имя (инициалы) А.
801 Источник записи _0
a Страна RU
b Организация МБУК ЦБС г. Ульяновска
c Дата составления 20151119
g Правила каталогизации RCR
801 Источник записи _1
a Страна RU
b Организация МБУК ЦБС г. Ульяновска
c Дата составления 20151119
g Правила каталогизации RCR
901 Тип документа __
t Тип документа f
w Контрольный № источника RU/CBS_Ul/BASE/501239730
910 Корректоры записи __
a Корректор записи Сидоркина
938 Служебная информация __
a Имя БД kraeved